La Tène glass ornaments in Moravia = Skleněné šperky doby laténské na Moravě /

Hlavní autor: Čižmářová, Hana
Další autoři: Krutilová, Lada, 1958-, Čižmářová, Hana., Čižmářová, Hana.
Jazyk: Angličtina
Čeština
Vydáno: Brno : Moravian Museum, 2022
Vydání: First edition
Témata:
Fyzický popis: 501 stran : ilustrace (převážně barevné), mapy ; 30 cm
Language note: Souběžný český text
Knihy
Uloženo v:
LEADER 02767nam a2200721 i 4500
001 nkc20233494912
003 CZ PrNK
005 20230404083605.0
007 ta
008 230123s2022 xr ab f c 000 0 eng
015 |a cnb003494912 
020 |a 978-80-7028-578-7  |q (brožováno) 
035 |a (OCoLC)1378695693 
040 |a BOA001  |b cze  |e rda 
041 1 |a eng  |a cze  |h cze 
043 |a e-xr---  |b e-xr-mr  |2 czenas 
072 7 |a 666  |x Sklářství. Keramika. Cement  |2 Konspekt  |9 19 
080 |a 671.12  |2 MRF 
080 |a 671.21:666.23/.28  |2 MRF 
080 |a 903"6387"  |2 MRF 
080 |a 902.2  |2 MRF 
080 |a 903.2  |2 MRF 
080 |a (437.32)  |2 MRF 
080 |a (048.8)  |2 MRF 
080 |a (083.82)  |2 MRF 
100 1 |a Čižmářová, Hana  |7 mzk2015858714  |4 aut 
245 1 0 |a La Tène glass ornaments in Moravia =  |b Skleněné šperky doby laténské na Moravě /  |c Hana Čižmářová ; English translation: Lada Krutilová 
246 3 1 |a Skleněné šperky doby laténské na Moravě 
246 1 8 |a Glass ornaments 
250 |a First edition 
264 1 |a Brno :  |b Moravian Museum,  |c 2022 
300 |a 501 stran :  |b ilustrace (převážně barevné), mapy ;  |c 30 cm 
336 |a text  |b txt  |2 rdacontent 
337 |a bez média  |b n  |2 rdamedia 
338 |a svazek  |b nc  |2 rdacarrier 
504 |a Obsahuje bibliografii a bibliografické odkazy 
546 |a Souběžný český text 
650 0 7 |a šperky  |7 ph127871  |2 czenas 
650 0 7 |a skleněná bižuterie  |7 ph455197  |2 czenas 
650 0 7 |a doba laténská  |7 ph162016  |z Česko  |2 czenas 
650 0 7 |a archeologické výzkumy  |7 ph118577  |z Česko  |2 czenas 
650 0 7 |a archeologické nálezy  |7 ph137683  |z Česko  |2 czenas 
650 0 9 |a jewellery  |2 eczenas 
650 0 9 |a glass costume jewelry  |2 eczenas 
650 0 9 |a La Tène period  |z Czechia  |2 eczenas 
650 0 9 |a excavations (archaeology)  |z Czechia  |2 eczenas 
650 0 9 |a antiquities  |z Czechia  |2 eczenas 
651 7 |a Morava (Česko)  |7 ge130070  |2 czenas 
651 9 |a Moravia (Czechia)  |2 eczenas 
655 7 |a monografie  |7 fd132842  |2 czenas 
655 7 |a katalogy  |7 fd132535  |2 czenas 
655 9 |a monographs  |2 eczenas 
655 9 |a catalogs  |2 eczenas 
700 1 |a Krutilová, Lada,  |d 1958-  |7 xx0205475  |4 trl 
700 1 2 |a Čižmářová, Hana.  |t Skleněné šperky doby laténské na Moravě 
700 1 2 |a Čižmářová, Hana.  |t Skleněné šperky doby laténské na Moravě.  |l Anglicky 
910 2 |a BOA001  |b 4-1505.391 
928 9 |a Moravské zemské muzeum 
990 |a BK 
995 |a 01 
991 |b 202303  |c NOV 
996 6 |b 2610933905  |c 4-1505.391  |l MZK  |r Sklad / do 1 hodiny  |n 0  |p p.v.  |w 001918818  |u 000010  |a 1  |e BOA001  |j MZK50  |s P 
996 7 |b 2610933906  |c 4-1505.391  |l MZK  |r Sklad / do 1 hodiny  |n 4  |p p.v.  |w 001918818  |u 000020  |a 1  |e BOA001  |j MZK50  |s A